000
00257nam a22000857a 4500
008
160704b xxu||||| |||| 00| 0 eng d
100
_9
1927
_a
Ysseldyke, J.E., et al
245
_a
A Practical Approach for Teachers
260
_a
New Delhi
_b
Kanishka Publication
_c
2005
999
_c
1629
_d
1629